000
00269nam a22001217a 4500
008
160512b xxu||||| |||| 00| 0 eng d
020
_a
9780471753551
020
_a
0471753556
041
_a
eng
080
_a
61
245
_a
Environment :
_c
Reven Berg;
942
_2
udc
_c
BK
999
_c
2068
_d
2068